[Event "Olimpiade 2022 - Open"]
[Site "Chennai"]
[Date "30.07.2022"]
[Round "2.17"]
[White "Saric, Ivan"]
[Black "Petkov, Momchil"]
[Result "1/2-1/2"]
[WhiteElo "2680"]
[BlackElo "2510"]
[EventDate "31.07.2022"]
[Board "1"]
[WhiteFideId "14508150"]
[BlackFideId "2921642"]

1. e4 c5 2. Nf3 d6 3. Bb5+ Nd7 4. a4 Nf6 5. Nc3 g6 6. O-O Bg7 7. Re1 O-O 8.
d4 cxd4 9. Nxd4 Nc5 10. Bf1 Bd7 11. f3 Nh5 12. a5 Ne6 13. Nxe6 fxe6 14. Be3
b5 15. Bxb5 Bxb5 16. Nxb5 Bxb2 17. Rb1 Be5 18. a6 Qc8 19. c3 Nf4 20. g3 Nh5
21. f4 Bg7 22. Qb3 Kh8 23. Rf1 Nf6 24. Nd4 Ng4 25. Bd2 Qxa6 26. Qb5 Bxd4+
27. cxd4 Qxb5 28. Rxb5 Rfc8 29. f5 gxf5 30. exf5 Rc2 31. Bg5 Nxh2 32. Rf2
Rxf2 33. Kxf2 exf5 34. Bxe7 a5 35. Rxf5 Kg8 36. Bxd6 Ng4+ 37. Kf3 Nh6 38.
Rg5+ Kf7 39. Ba3 a4 40. Kf4 Rg8 41. Rd5 Rg4+ 42. Kf3 Rg6 43. Ra5 Rf6+ 44.
Ke4 Re6+ 45. Kd5 Nf5 46. Rxa4 h5 47. Ra7+ Kf6 48. Ra8 Re3 49. Rf8+ Kg6 50.
Bc1 Rd3 51. Rg8+ Kf7 52. Rg5 Kf6 53. Rxh5 Rxd4+ 54. Kc5 Rg4 55. Bf4 Nxg3
56. Bxg3 Rxg3 1/2-1/2

[Event "Olimpiade 2022 - Open"]
[Site "Chennai"]
[Date "30.07.2022"]
[Round "2.17"]
[White "Kozul, Zdenko"]
[Black "Yordanov, Lachezar"]
[Result "0-1"]
[WhiteElo "2602"]
[BlackElo "2316"]
[EventDate "31.07.2022"]
[Board "3"]
[WhiteFideId "14502879"]
[BlackFideId "2918927"]

1. Nf3 Nf6 2. g3 d5 3. Bg2 e6 4. O-O Be7 5. d4 O-O 6. c4 c6 7. Nc3 a5 8. b3
b6 9. Qd3 Ba6 10. e4 b5 11. Ne5 bxc4 12. bxc4 Nfd7 13. exd5 exd5 14. Rd1
Nxe5 15. dxe5 Bxc4 16. Qf5 Qe8 17. Rd4 Ba6 18. Qh5 Nd7 19. Bd2 f6 20. Qxe8
Raxe8 21. exf6 Bxf6 22. Ra4 Nc5 23. Ra3 Bd4 24. Be3 Bxe3 25. fxe3 Rxe3 26.
Rc1 Nd3 27. Nxd5 cxd5 28. Bxd5+ Kh8 29. Rb1 Ne1 0-1

[Event "Olimpiade 2022 - Open"]
[Site "Chennai"]
[Date "30.07.2022"]
[Round "2.27"]
[White "Lungu, Nase"]
[Black "Haubro, Martin"]
[Result "1-0"]
[WhiteElo "2216"]
[BlackElo "2411"]
[EventDate "31.07.2022"]
[Board "4"]
[WhiteFideId "8700052"]
[BlackFideId "1414291"]

1. c4 e6 2. Nf3 d5 3. g3 dxc4 4. Qa4+ Nd7 5. Bg2 a6 6. Nc3 Nf6 7. O-O Be7
8. Ne5 O-O 9. Nxc4 c5 10. Qb3 Rb8 11. a4 b6 12. d3 Bb7 13. Bxb7 Rxb7 14.
Bf4 Qc8 15. Bd6 Qe8 16. Rfd1 Nd5 17. d4 cxd4 18. Rxd4 Nc5 19. Qa3 Qc6 20.
Nxd5 exd5 21. Bxe7 Rxe7 22. Ne3 Re4 23. Rad1 Rfe8 24. a5 Rxd4 25. Rxd4 bxa5
26. Rxd5 Nb7 27. Qd3 g6 28. Qd4 h5 29. h3 Re6 30. g4 hxg4 31. hxg4 Rd6 32.
g5 Rxd5 33. Nxd5 Qc1+ 34. Kh2 Qc5 35. Nf6+ Kg7 36. Qh4 Qd6+ 37. f4 Kf8 38.
Qh8+ Ke7 39. Qe8# 1-0

[Event "Olimpiade 2022 - Open"]
[Site "Chennai"]
[Date "30.07.2022"]
[Round "2.39"]
[White "Draskovic, Luka"]
[Black "Ahmed, Ali Layth Ahmed"]
[Result "1-0"]
[WhiteElo "2503"]
[BlackElo "2249"]
[EventDate "31.07.2022"]
[Board "3"]
[WhiteFideId "944335"]
[BlackFideId "4801920"]

1. e4 c6 2. d4 d5 3. e5 Bf5 4. h4 h5 5. Bd3 Bxd3 6. Qxd3 Qa5+ 7. Nd2 e6 8.
Nf3 Nh6 9. O-O Nf5 10. Nb3 Qb5 11. Qd1 c5 12. a4 Qb6 13. dxc5 Bxc5 14. Nxc5
Qxc5 15. c3 Nc6 16. Re1 Rd8 17. Bg5 Rd7 18. Rc1 Qb6 19. b4 a6 20. Nd2 a5
21. b5 Nce7 22. c4 dxc4 23. Qf3 O-O 24. Nxc4 Qa7 25. Qxh5 Ng6 26. Qg4 Rd4
27. Re4 Rxe4 28. Qxe4 Rc8 29. Rd1 b6 30. h5 Nf8 31. Nd6 Nxd6 32. exd6 Qd7
33. Be3 Rb8 34. h6 Ng6 35. hxg7 e5 36. f3 Kxg7 37. Qc6 Nf8 38. Bxb6 Rc8 39.
Qxd7 Nxd7 40. Bc7 Kf6 41. b6 Ke6 42. b7 Rg8 43. Rb1 Nb8 44. Rb5 f6 45. Rxa5
1-0

[Event "Olimpiade 2022 - Open"]
[Site "Chennai"]
[Date "30.07.2022"]
[Round "2.40"]
[White "Khusenkhojaev, Mustafokhuja"]
[Black "Urazayev, Arystanbek"]
[Result "1/2-1/2"]
[WhiteElo "2238"]
[BlackElo "2430"]
[EventDate "31.07.2022"]
[Board "3"]
[WhiteFideId "14700727"]
[BlackFideId "13709810"]

1. d4 Nf6 2. Nf3 d5 3. c4 e6 4. g3 Bb4+ 5. Bd2 a5 6. Bg2 O-O 7. Qc2 c5 8.
cxd5 cxd4 9. Nxd4 Qb6 10. e3 exd5 11. O-O Nc6 12. Nxc6 bxc6 13. Rc1 Rb8 14.
Nc3 h5 15. Na4 Qd8 16. Bxb4 Rxb4 17. b3 h4 18. a3 Rb8 19. Rab1 h3 20. Bf1
Re8 21. Nc5 Qe7 22. Qc3 Bf5 23. Rb2 Ne4 24. Qd4 Ng5 25. Qf4 Qf6 26. Ra2 Qg6
27. Be2 Ne4 28. Nxe4 Bxe4 29. Rb2 c5 30. Rxc5 Rbc8 31. b4 Qb6 32. Rxc8 Rxc8
33. f3 Qc6 34. Rd2 Qc1+ 35. Rd1 Qb2 36. Bf1 Rc2 37. fxe4 Rg2+ 38. Kh1 Rxh2+
39. Kg1 Rg2+ 40. Kh1 Rh2+ 41. Kg1 Rg2+ 42. Kh1 Rf2 1/2-1/2

[Event "Olimpiade 2022 - Open"]
[Site "Chennai"]
[Date "30.07.2022"]
[Round "2.46"]
[White "Taher, Yoseph Theolifus"]
[Black "Croad, Nicolas"]
[Result "1-0"]
[WhiteElo "2463"]
[BlackElo "2289"]
[EventDate "31.07.2022"]
[Board "2"]
[WhiteFideId "7105347"]
[BlackFideId "4300793"]

1. d4 Nf6 2. c4 e6 3. Nc3 Bb4 4. f3 c5 5. d5 b5 6. e4 bxc4 7. Bxc4 Nxd5 8.
Bxd5 exd5 9. Qxd5 Nc6 10. Ne2 Ba6 11. Kf2 O-O 12. Rd1 Re8 13. Kg1 Ne5 14.
Nf4 Rb8 15. a3 Ba5 16. Qd6 Rb6 17. Qxc5 Rxb2 18. Ncd5 Qg5 19. Kh1 Bb6 20.
Nxb6 axb6 21. Qc3 Rf2 22. Be3 Rc8 23. Qd4 Nxf3 24. Qd6 Rfc2 25. gxf3 Be2
26. Nxe2 Qxe3 27. Nd4 Rd2 28. Rxd2 Qxd2 29. Nf5 Qc3 30. Ne7+ Kh8 31. Nxc8
Qxf3+ 32. Kg1 Qe3+ 33. Kf1 Qf3+ 34. Ke1 Qe3+ 35. Kd1 Qb3+ 36. Ke2 Qc2+ 37.
Kf3 Qc3+ 38. Kf4 h6 39. Ne7 g5+ 40. Kg4 h5+ 41. Kxg5 Qe3+ 42. Qf4 f6+ 43.
Kf5 1-0

[Event "Olimpiade 2022 - Open"]
[Site "Chennai"]
[Date "30.07.2022"]
[Round "2.49"]
[White "Prudente, Elmer"]
[Black "El Jawich, Amro"]
[Result "0-1"]
[WhiteElo "1995"]
[BlackElo "2314"]
[EventDate "31.07.2022"]
[Board "1"]
[WhiteFideId "31000690"]
[BlackFideId "5300380"]

1. e4 c5 2. Nf3 d6 3. d4 cxd4 4. Nxd4 Nf6 5. Nc3 Nc6 6. f3 e5 7. Nb3 Be6 8.
Be3 Be7 9. g4 d5 10. exd5 Nxd5 11. Bf2 Bh4 12. Ne4 Bxf2+ 13. Kxf2 Qh4+ 14.
Ng3 Rd8 15. Qe1 O-O 16. Nc5 Bc8 17. Rd1 Nd4 18. Qe4 b6 19. Nb3 Nf6 20. Qd3
Nxb3 0-1

[Event "Olimpiade 2022 - Open"]
[Site "Chennai"]
[Date "30.07.2022"]
[Round "2.50"]
[White "Vasco, Mateus Felizardo Viageiro"]
[Black "Blackburn, Jonathan L B"]
[Result "0-1"]
[WhiteElo "1852"]
[BlackElo "2176"]
[EventDate "31.07.2022"]
[Board "2"]
[WhiteFideId "14800403"]
[BlackFideId "1801090"]

1. e4 e6 2. d4 d5 3. Nc3 Bb4 4. e5 b6 5. Bb5+ c6 6. Bd3 Ba6 7. Ne2 Qc8 8.
O-O Bf8 9. f4 Ne7 10. Kh1 h5 11. Be3 Bxd3 12. Qxd3 Qa6 13. Qd2 Nf5 14. Bf2
c5 15. Rad1 Nc6 16. a4 Rc8 17. dxc5 bxc5 18. Ne4 Qc4 19. N2c3 Ncd4 20. b3
Qb4 21. Ng5 Be7 22. Be1 a6 23. Qf2 Qb7 24. a5 h4 25. Qd2 Qc7 26. Na4 Bxg5
27. fxg5 Qxe5 28. Nb6 Rd8 29. Bf2 Ng3+ 30. Bxg3 hxg3 31. h3 Qe4 32. Rde1
Rxh3+ 33. Kg1 Rh1+ 0-1

[Event "Olimpiade 2022 - Open"]
[Site "Chennai"]
[Date "30.07.2022"]
[Round "2.51"]
[White "Alhejab, Meshal"]
[Black "Koniahli, Malek."]
[Result "1-0"]
[WhiteElo "1732"]
[BlackElo "2238"]
[EventDate "31.07.2022"]
[Board "3"]
[WhiteFideId "10302603"]
[BlackFideId "7603495"]

1. e4 c5 2. Nf3 Nc6 3. Bb5 g6 4. Bxc6 dxc6 5. d3 Bg7 6. Nc3 c4 7. O-O cxd3
8. cxd3 e5 9. h3 f6 10. d4 exd4 11. Nxd4 Nh6 12. Be3 Nf7 13. f4 O-O 14. Qc2
Qe7 15. Rfe1 Re8 16. Rad1 Bd7 17. a4 Rad8 18. Bf2 Bh6 19. Bg3 Bc8 20. Kh1
Qc5 21. Nf3 Qh5 22. Nh2 Be6 23. Qf2 b6 24. Bh4 Bg7 25. g4 Qc5 26. Qxc5 bxc5
27. Nf3 Bc4 28. Kg2 Rb8 29. Rd2 Red8 30. Red1 Re8 31. Rc1 h6 32. Bf2 Bf8
33. e5 f5 34. gxf5 gxf5 35. Nh4 Be6 36. Ng6 a6 37. Nxf8 Rxf8 38. Bxc5 Rfd8
39. Rcd1 Re8 40. Kf3 Kh7 41. a5 Rg8 42. b4 Rg6 43. Rg2 Rxg2 44. Kxg2 Rg8+
45. Kf2 Rd8 46. Rxd8 Nxd8 47. Bb6 Nb7 48. Ne2 Kg6 49. Nd4 Bd5 50. Kg3 Be4
51. Kh4 Bd5 52. Kg3 Be4 53. Ne6 Bd5 54. Nc7 Bc4 55. Kh4 Be2 56. Ne6 Bc4 57.
Nf8+ Kf7 58. Nd7 Kg6 59. e6 Bb5 60. Bc7 Ba4 61. e7 Kf7 62. Bd8 Nd6 63. Nf6
Bd1 64. Nd7 Ba4 65. Kh5 Ne4 66. Kxh6 Nf2 67. Nc5 Bb5 68. Nb7 Ne4 69. h4 Be2
70. Nc5 Bb5 71. h5 Be2 72. Ne6 Nf6 73. Nc7 Bd3 74. Kg5 Nh7+ 75. Kh4 Nf6 76.
h6 1-0

[Event "Olimpiade 2022 - Open"]
[Site "Chennai"]
[Date "30.07.2022"]
[Round "2.53"]
[White "Al Maashani, Amer"]
[Black "Mansour, Sameer"]
[Result "1-0"]
[WhiteElo "2038"]
[BlackElo "2275"]
[EventDate "31.07.2022"]
[Board "1"]
[WhiteFideId "22000100"]
[BlackFideId "8100144"]

1. e4 c5 2. Nf3 Nc6 3. Bb5 g6 4. Bxc6 dxc6 5. d3 Bg7 6. h3 Nf6 7. Nc3 Nd7
8. Be3 e5 9. Qd2 h6 10. O-O b6 11. Nh2 Nf8 12. f4 exf4 13. Bxf4 Ne6 14. Bg3
Qg5 15. Qxg5 hxg5 16. Ng4 Nd4 17. Be5 Bxe5 18. Nxe5 Be6 19. Rf2 Ke7 20.
Raf1 Rh7 21. Nd1 g4 22. c3 g3 23. Rd2 Nb5 24. Rf3 Rh5 25. Ng4 Bxa2 26. Rxg3
Be6 27. Rf3 Nd6 28. Re2 Nb5 29. Nf6 Rhh8 30. Ne3 Kd6 31. Nc4+ Kc7 32. Ne5
Rad8 33. Kf2 a5 34. Nfg4 Rh7 35. Nf6 Rhh8 36. Nfg4 Nd6 37. Rf6 a4 38. Ke3
b5 39. Ref2 Rh7 40. Rf1 Ra8 41. Ra1 Ra6 42. Rf2 Rh8 43. d4 cxd4+ 44. cxd4
Rha8 45. Rc2 a3 46. bxa3 Rxa3+ 47. Rxa3 Rxa3+ 48. Kf4 Nc4 49. Nxc4 bxc4 50.
Ke5 Rd3 51. Nf6 c3 52. d5 cxd5 53. Nxd5+ Bxd5 54. exd5 Kd7 55. Ke4 Rd2 56.
Rxc3 Rxg2 57. Ra3 Re2+ 58. Kd4 Rh2 59. Ra7+ Ke8 60. d6 Rxh3 61. Re7+ Kf8
62. Re2 Rh1 63. Kc5 Rd1 64. Kc6 f5 65. d7 Kf7 66. Re8 Kf6 67. d8=Q+ Rxd8
68. Rxd8 Ke5 69. Kc5 Ke4 70. Kc4 Ke3 71. Re8+ Kd2 72. Kd4 1-0

[Event "Olimpiade 2022 - Open"]
[Site "Chennai"]
[Date "30.07.2022"]
[Round "2.54"]
[White "Croes, Octavio"]
[Black "Arunnuntapanich, Tinnakrit"]
[Result "0-1"]
[WhiteElo "1794"]
[BlackElo "2117"]
[EventDate "31.07.2022"]
[Board "2"]
[WhiteFideId "1007220"]
[BlackFideId "6202039"]

1. d4 Nf6 2. c4 g6 3. Nc3 Bg7 4. e4 d6 5. Bg5 h6 6. Bf4 c6 7. Be2 Qa5 8.
Bd2 Qc7 9. Rc1 e5 10. d5 c5 11. f4 exf4 12. Bxf4 Qe7 13. Qd3 O-O 14. Nf3
Nh5 15. Bd2 Re8 16. Kf2 Nf6 17. Rhe1 Ng4+ 18. Kg1 Nd7 19. Bf4 Nde5 20. Nxe5
Bxe5 21. Bxe5 Nxe5 22. Qg3 Bd7 23. Bd3 Qg5 24. Re3 Qxg3 25. Rxg3 Re7 26.
Be2 Rae8 27. Nd1 a6 28. Ne3 Kh7 29. Bg4 Bxg4 30. Nxg4 Nxg4 31. Rxg4 Rxe4
32. Rxe4 Rxe4 33. Kf2 Kg7 34. Kf3 Rd4 35. Ke3 b5 36. b3 bxc4 37. bxc4 Kf6
38. Rf1+ Ke7 39. Rc1 f5 40. Rc3 Kf6 41. Ra3 Rxc4 42. Rxa6 Ke5 43. a4 Kxd5
44. a5 Rc2 45. Kf3 Ra2 46. Ra8 Kd4 47. a6 c4 48. a7 d5 49. Rg8 Rxa7 50.
Rxg6 c3 51. Ke2 Ra2+ 52. Kd1 f4 53. h4 Kd3 0-1

[Event "Olimpiade 2022 - Open"]
[Site "Chennai"]
[Date "30.07.2022"]
[Round "2.54"]
[White "Antonio, Kyell-Jean"]
[Black "Saeheng, Boonsueb"]
[Result "0-1"]
[WhiteElo "1497"]
[BlackElo "2063"]
[EventDate "31.07.2022"]
[Board "4"]
[WhiteFideId "15900746"]
[BlackFideId "6200184"]

1. e4 c5 2. Nf3 d6 3. d4 cxd4 4. Nxd4 Nf6 5. Nc3 a6 6. Be2 e5 7. Nb3 Be7 8.
Be3 Be6 9. O-O Nbd7 10. a4 O-O 11. Qd2 Rc8 12. a5 Rc6 13. Rfc1 Re8 14. f3
Bc4 15. Nd5 Nxd5 16. exd5 Rc8 17. Bxc4 Rxc4 18. Qd3 Rc8 19. c4 Bg5 20. Nd2
f5 21. b4 e4 22. fxe4 Ne5 23. Bxg5 Nxd3 24. Bxd8 Nxc1 25. Rxc1 Rcxd8 26.
exf5 Re2 27. Rd1 Kf7 28. Kf1 Re5 29. g4 Kf6 30. Re1 Rxe1+ 31. Kxe1 Ke5 32.
Kf2 h5 33. Kf3 Rf8 34. h3 g6 35. Ke3 hxg4 36. hxg4 gxf5 37. Nf3+ Kf6 38.
g5+ Kg6 39. Kf4 Rc8 40. c5 dxc5 41. Ne5+ Kg7 42. Kxf5 cxb4 43. d6 b3 44.
Nd3 Rc3 45. Ke4 Kf7 46. g6+ Ke6 47. g7 Rc4+ 48. Kf3 Rc8 49. Nc5+ Kxd6 50.
Ne4+ Ke7 0-1

[Event "Olimpiade 2022 - Open"]
[Site "Chennai"]
[Date "30.07.2022"]
[Round "2.55"]
[White "Martyr, Reginald"]
[Black "Tagelsir, Abubaker"]
[Result "1/2-1/2"]
[WhiteElo "2194"]
[BlackElo "2232"]
[EventDate "31.07.2022"]
[Board "1"]
[WhiteFideId "7701810"]
[BlackFideId "12200875"]

1. Nf3 Nf6 2. c4 g6 3. b3 Bg7 4. Bb2 O-O 5. g3 d5 6. cxd5 Qxd5 7. Bg2 c5 8.
Nc3 Qf5 9. h3 Nc6 10. Rc1 Rd8 11. Na4 b6 12. O-O Bb7 13. d3 Rac8 14. a3 Rc7
15. b4 cxb4 16. axb4 Rcd7 17. Rb1 e5 18. g4 Qe6 19. Ng5 Qe7 20. b5 Nd4 21.
Bxb7 Rxb7 22. Bc1 h6 23. e3 hxg5 24. exd4 Rxd4 25. Bb2 Rd8 26. Re1 Nd5 27.
Qf3 Rbd7 28. d4 Qb4 29. Nc3 Nxc3 30. Bxc3 Qc4 31. Rb4 Qd5 32. Qxd5 Rxd5 33.
dxe5 Rd3 34. Re3 Rxe3 35. fxe3 Rd5 36. Rd4 Rxb5 37. Rd8+ Bf8 38. Bd4 Rb1+
39. Kg2 Rc1 40. Kf3 b5 41. Bxa7 Kg7 42. Bd4 Be7 43. Rb8 b4 44. Ke4 Rc6 45.
Kd5 Ra6 46. Re8 Re6 47. Ra8 Bf8 48. Rb8 Ra6 49. e4 Re6 50. Be3 Be7 1/2-1/2

[Event "Olimpiade 2022 - Open"]
[Site "Chennai"]
[Date "30.07.2022"]
[Round "2.56"]
[White "Egbe, Kossi Thierry"]
[Black "Isaakidis, Alexandros"]
[Result "0-1"]
[WhiteElo "1703"]
[BlackElo "2165"]
[EventDate "31.07.2022"]
[Board "2"]
[WhiteFideId "21201510"]
[BlackFideId "5903076"]

1. e4 c5 2. Nf3 Nc6 3. d4 cxd4 4. Nxd4 Nf6 5. Nc3 d6 6. Bg5 e6 7. Qd2 a6 8.
f4 Bd7 9. Nxc6 Bxc6 10. e5 dxe5 11. Qxd8+ Rxd8 12. fxe5 h6 13. Bh4 g5 14.
Bxg5 hxg5 15. exf6 Bd6 16. O-O-O Bf4+ 17. Kb1 Be5 18. Rxd8+ Kxd8 19. h3
Bxf6 20. Ne2 Ke7 21. Rh2 Be5 22. Rh1 f5 23. Rg1 Rd8 24. Kc1 b5 25. a3 a5
26. g3 b4 27. axb4 axb4 28. Bg2 Bb5 29. Bf3 Rh8 30. c3 Rxh3 31. Nd4 Bxd4
32. cxd4 f4 33. Bg4 Rxg3 34. Rxg3 fxg3 35. Bh3 Bc6 36. Kc2 g4 0-1

[Event "Olimpiade 2022 - Open"]
[Site "Chennai"]
[Date "30.07.2022"]
[Round "2.59"]
[White "Neto, Roberto"]
[Black "Salazar Cabezas, Alberto Javier"]
[Result "0-1"]
[WhiteElo "1663"]
[BlackElo "2155"]
[EventDate "31.07.2022"]
[Board "3"]
[WhiteFideId "19700318"]
[BlackFideId "6104401"]

1. e4 e6 2. Nf3 d5 3. Nc3 Nf6 4. e5 Nfd7 5. d4 c5 6. Bg5 Qb6 7. dxc5 Bxc5
8. Qd2 Bb4 9. Bb5 Nc6 10. Bxc6 bxc6 11. O-O Ba6 12. Rfd1 h6 13. Be3 Qc7 14.
Nxd5 cxd5 15. Qxb4 Be2 16. Re1 Bxf3 17. gxf3 Nxe5 18. Qf4 Rc8 19. Bxa7
Nxf3+ 20. Qxf3 Qxa7 21. c3 O-O 22. Kh1 Qa4 23. b3 Qa3 24. Rg1 Qb2 25. Rac1
Qxa2 26. Rg3 g6 27. Qf6 Kh7 28. Rcg1 Qc2 29. f3 Rb8 30. h4 Qf5 31. Qe7 Kg8
32. h5 Qxh5+ 33. Kg2 Rxb3 34. Rxg6+ fxg6 35. Qxe6+ Kh8 0-1

[Event "Olimpiade 2022 - Open"]
[Site "Chennai"]
[Date "30.07.2022"]
[Round "2.60"]
[White "Ahmed, Ashraf"]
[Black "Lama, Milan"]
[Result "0-1"]
[WhiteElo "1863"]
[BlackElo "2024"]
[EventDate "31.07.2022"]
[Board "2"]
[WhiteFideId "16700031"]
[BlackFideId "12305766"]

1. e4 c5 2. Nf3 g6 3. c3 Bg7 4. d4 cxd4 5. cxd4 d5 6. e5 Nc6 7. Nc3 Bg4 8.
Be2 Bxf3 9. Bxf3 e6 10. O-O Nh6 11. Bxh6 Bxh6 12. Na4 O-O 13. a3 Qh4 14.
Bg4 Rac8 15. g3 Qe7 16. b4 b6 17. f4 f5 18. exf6 Qxf6 19. Re1 Nxd4 20. Re5
Nf5 21. Qe1 Rfe8 22. Nc3 Qf7 23. Nb5 Qd7 24. Bxf5 gxf5 25. Nd4 Bg7 26. b5
Bxe5 27. Qxe5 Qc7 28. Qf6 Qg7 29. Qxg7+ Kxg7 30. Nc6 a6 31. a4 axb5 32.
axb5 Ra8 33. Ra6 Rxa6 34. bxa6 Ra8 35. Nb4 Kf7 36. Kf2 Ke7 37. Ke3 Kd6 38.
Kd4 Rc8 39. Ke3 Rc4 40. a7 Rc8 41. h3 Ra8 0-1

[Event "Olimpiade 2022 - Open"]
[Site "Chennai"]
[Date "30.07.2022"]
[Round "2.62"]
[White "Rehan, Deng Cypriano"]
[Black "Kovacova, Zuzana"]
[Result "1-0"]
[WhiteElo "2095"]
[BlackElo "2050"]
[EventDate "31.07.2022"]
[Board "1"]
[WhiteFideId "32500084"]
[BlackFideId "14901510"]

1. c4 e5 2. g3 Nc6 3. Bg2 d6 4. Nc3 Be6 5. d3 g6 6. Nf3 h6 7. d4 Bd7 8. d5
Nce7 9. c5 Bg7 10. cxd6 cxd6 11. Qb3 Qb8 12. e4 f5 13. O-O Nf6 14. Nd2 b5
15. a3 O-O 16. exf5 gxf5 17. Nf3 Kh8 18. Nh4 Qe8 19. Bd2 a5 20. Rfe1 Kh7
21. Rac1 Qb8 22. Ne2 Rc8 23. Nd4 a4 24. Qd1 e4 25. Ne6 Rxc1 26. Bxc1 Bh8
27. Qd2 Nfg8 28. Nxf5 Nxf5 29. Bxe4 Bxe6 30. dxe6 Qf8 31. Qd5 Ne7 32. Qxa8
Qxa8 33. Bxa8 d5 34. Rd1 Nd4 35. Be3 Nxe6 36. Bxd5 Nxd5 37. Rxd5 Bxb2 38.
Rxb5 Bxa3 39. Ra5 1-0

[Event "Olimpiade 2022 - Open"]
[Site "Chennai"]
[Date "30.07.2022"]
[Round "2.62"]
[White "Gontcharov, Dimitri"]
[Black "Peter Majur Manyang"]
[Result "0-1"]
[WhiteElo "1448"]
[BlackElo "2095"]
[EventDate "31.07.2022"]
[Board "4"]
[WhiteFideId "8800979"]
[BlackFideId "32500840"]

1. e4 c5 2. Nf3 a6 3. d4 cxd4 4. Nxd4 g6 5. Nc3 Bg7 6. Be3 d6 7. Qd2 Nc6 8.
Bc4 Nf6 9. f3 O-O 10. a3 Qc7 11. Be2 b5 12. g4 Bb7 13. h4 Nxd4 14. Bxd4 e5
15. Be3 d5 16. exd5 Rfd8 17. O-O-O Qa5 18. Bg5 b4 19. Na2 Bxd5 20. Qxb4 Qc7
21. Nc3 Rab8 22. Nxd5 Rxd5 23. Rxd5 Rxb4 24. Bxf6 Rb8 25. Bxg7 Kxg7 26. g5
Qb7 27. Rhd1 Qxb2+ 28. Kd2 Rc8 29. Bd3 Qxa3 30. Ke2 Qb4 31. c4 h6 32. Rb1
Qe7 33. Rb3 hxg5 34. hxg5 Qxg5 35. Ra3 Qg2+ 36. Ke3 Qg1+ 37. Ke2 Rh8 38.
Be4 Rh2+ 39. Kd3 Qb1+ 0-1

[Event "Olimpiade 2022 - Open"]
[Site "Chennai"]
[Date "30.07.2022"]
[Round "2.65"]
[White "Moncur, Cecil"]
[Black "Kiriella, K G T S D"]
[Result "0-1"]
[WhiteElo "1815"]
[BlackElo "1781"]
[EventDate "31.07.2022"]
[Board "1"]
[WhiteFideId "10400583"]
[BlackFideId "9953957"]

1. e4 e5 2. Bc4 Nf6 3. d3 c6 4. Bb3 d5 5. Nf3 Bg4 6. exd5 Nxd5 7. O-O Qf6
8. Re1 Be7 9. Nbd2 Nd7 10. h3 h5 11. Ne4 Qg6 12. Ng3 Bxh3 13. Nxe5 Nxe5 14.
Rxe5 h4 15. Bxd5 hxg3 16. Bf3 Be6 17. Rh5 gxf2+ 18. Kxf2 O-O-O 19. Rxh8
Rxh8 20. Be3 Bd6 21. Ke2 Bg4 22. Qf1 Rh2 23. Re1 Bxf3+ 24. Qxf3 Qxg2+ 25.
Qxg2 Rxg2+ 26. Kd1 a6 27. Bd4 Kd7 28. Re4 g6 29. Bf6 Rf2 30. Bg5 f5 31. Rh4
Rh2 32. Rd4 Rh1+ 33. Kd2 Ke6 34. c3 c5 35. Ra4 Rh2+ 36. Kc1 Rg2 37. Bd2 g5
38. d4 g4 39. dxc5 Bxc5 40. Bf4 Rf2 41. Rc4 Rxf4 42. Rxc5 g3 43. Rc7 0-1

[Event "Olimpiade 2022 - Open"]
[Site "Chennai"]
[Date "30.07.2022"]
[Round "2.65"]
[White "Karelina, Polina"]
[Black "Liyanage, Ranindu Dilshan"]
[Result "0-1"]
[WhiteElo "1835"]
[BlackElo "2286"]
[EventDate "31.07.2022"]
[Board "3"]
[WhiteFideId "10400222"]
[BlackFideId "9915834"]

1. e4 e6 2. d3 d5 3. Nd2 c5 4. g3 Nc6 5. Bg2 g6 6. f4 Bg7 7. c3 Nge7 8.
Ngf3 b6 9. O-O Ba6 10. Ne1 Qd7 11. Rf2 O-O 12. Qa4 Bb7 13. Ndf3 a5 14. c4
Rad8 15. Be3 dxe4 16. dxe4 e5 17. Rd2 Qc7 18. Rad1 Nd4 19. Nxe5 Bxe5 20.
fxe5 Nec6 21. Bf4 Nxe5 22. Nc2 Bc6 23. Bxe5 Qxe5 24. Qa3 Nxc2 25. Qb3 Rxd2
26. Rxd2 Nd4 27. Qxb6 Bxe4 28. Qxa5 Ra8 29. Qc3 Bxg2 30. Kxg2 Qe4+ 31. Kf2
Ra6 0-1

[Event "Olimpiade 2022 - Open"]
[Site "Chennai"]
[Date "30.07.2022"]
[Round "2.66"]
[White "Mdoe, Yusuf"]
[Black "Monnaatsheko, Keletshabile"]
[Result "0-1"]
[WhiteElo "1722"]
[BlackElo "2014"]
[EventDate "31.07.2022"]
[Board "4"]
[WhiteFideId "10002235"]
[BlackFideId "11302941"]

1. e4 e6 2. Nf3 d5 3. exd5 exd5 4. d4 Nc6 5. Bb5 Bd6 6. Bg5 f6 7. Bh4 Ne7
8. Nc3 Bg4 9. h3 Bh5 10. Bg3 Bxg3 11. fxg3 Qd6 12. Bxc6+ bxc6 13. Ne2 Qb4+
14. Qd2 Qxb2 15. Kf2 Bg6 16. Rhc1 O-O 17. a4 Qb8 18. Nf4 Bf7 19. Rab1 Qc8
20. g4 Qa6 21. Nd3 Rfb8 22. Nc5 Qc8 23. a5 Rb5 24. a6 Rab8 25. Nb7 Rb6 26.
Qa5 Qf8 27. Rxb6 axb6 28. Qc3 Ra8 29. Ra1 Qc8 30. Ne1 h5 31. gxh5 Bxh5 32.
g4 Bg6 33. Nd3 Bxd3 34. Qxd3 Qd7 35. Re1 Kf7 36. Re3 Ng6 0-1

[Event "Olimpiade 2022 - Open"]
[Site "Chennai"]
[Date "30.07.2022"]
[Round "2.67"]
[White "Chahin Godoy, Angel Eduardo"]
[Black "Dabuae, David"]
[Result "1/2-1/2"]
[WhiteElo "1844"]
[BlackElo "1707"]
[EventDate "31.07.2022"]
[Board "4"]
[WhiteFideId "8404925"]
[BlackFideId "22400079"]

1. e4 e5 2. Nf3 Nc6 3. Bb5 Nf6 4. O-O Be7 5. Re1 d6 6. h3 O-O 7. d4 Nxd4 8.
Nxd4 exd4 9. Qxd4 c6 10. Bf1 Nd7 11. Nc3 Ne5 12. f4 Nd7 13. Kh1 d5 14. exd5
Bc5 15. Qd1 Qh4 16. Ne4 Bb6 17. g3 Qd8 18. dxc6 bxc6 19. Be3 c5 20. Nd6 Rb8
21. Nxc8 Qxc8 22. Qf3 Ba5 23. Reb1 Nf6 24. a3 Bb6 25. Rd1 Re8 26. f5 c4 27.
Bxb6 Rxb6 28. Rd4 Rxb2 29. Rxc4 Qb8 30. Rd1 Rb1 31. Rcd4 Rxd1 32. Rxd1 Ne4
33. Kg2 Qc7 34. Bd3 Ng5 35. Re1 Qd8 36. Rxe8+ Qxe8 37. Qf4 Qa8+ 38. Kh2 Qe8
1/2-1/2

[Event "Olimpiade 2022 - Open"]
[Site "Chennai"]
[Date "30.07.2022"]
[Round "2.75"]
[White "Nevska, Gerda"]
[Black "Attalib, Osama A."]
[Result "1-0"]
[WhiteElo "1840"]
[BlackElo "2033"]
[EventDate "31.07.2022"]
[Board "1"]
[WhiteFideId "10700366"]
[BlackFideId "9206485"]

1. c4 Nf6 2. Nc3 e6 3. g3 d5 4. d4 c6 5. cxd5 exd5 6. Bg2 Bd6 7. Nh3 O-O 8.
O-O Re8 9. Bg5 h6 10. Bxf6 Qxf6 11. Re1 Bb4 12. Rc1 Nd7 13. e4 dxe4 14.
Rxe4 Rxe4 15. Nxe4 Qf5 16. a3 Bf8 17. Nf4 Nb6 18. Nc5 Bd6 19. Ncd3 g5 20.
Bh3 Qf6 21. Nh5 Qxd4 22. Bxc8 Rxc8 23. Qf3 Nd5 24. Rd1 Qh8 25. Qf5 Rd8 26.
h4 gxh4 27. gxh4 Qd4 28. Kg2 Kh8 29. Re1 Qxh4 30. Qxf7 Qg4+ 31. Kf1 Rf8 32.
Re8 Qg8 33. Ne5 Rxf7 34. Nxf7+ Kh7 35. Rxg8 Kxg8 36. Nxd6 b6 37. Ke2 Kf8
38. Nf5 a5 39. Nxh6 Ke7 40. Kd3 b5 1-0